|
|
|
|
| LEADER |
00980nam a2200253 a 4500 |
| 001 |
12728455 |
| 008 |
120530s2003 cau b 001 0 eng |
| 010 |
|
|
|a 2002005208
|
| 020 |
|
|
|a 0761987665
|
| 040 |
|
|
|a DLC
|c DLC
|d DLC
|d BD-DhAAL
|
| 042 |
|
|
|a pcc
|
| 050 |
0 |
0 |
|a HM786
|b .S63 2003
|
| 082 |
0 |
0 |
|a 302.3/5
|2 21
|
| 245 |
0 |
4 |
|a The sociology of organizations :
|b classic, contemporary, and critical readings /
|c editor, Michael J. Handel.
|
| 260 |
|
|
|a Thousand Oaks :
|b Sage Publications,
|c c2003.
|
| 300 |
|
|
|a x, 540 p. ;
|c 24 cm.
|
| 504 |
|
|
|a Includes bibliographical references and index.
|
| 541 |
|
|
|e 00025297
|
| 650 |
|
0 |
|a Organizational sociology.
|
| 700 |
1 |
|
|a Handel, Michael J.
|q (Michael Jeremy)
|
| 852 |
1 |
|
|a Ayesha Abed Library
|c General shelf.
|
| 942 |
0 |
0 |
|0 1
|
| 999 |
|
|
|c 12320
|d 12320
|
| 952 |
|
|
|0 0
|1 0
|2 ddc
|4 0
|6 302_350000000000000_SOC
|7 0
|9 20378
|a BRACUL
|b BRACUL
|c GEN
|d 2012-06-04
|e karim International
|g 6339.00
|l 1
|m 2
|o 302.35 SOC
|p 3010025297
|r 2015-10-08
|s 2015-09-21
|t 1
|w 2012-06-04
|y BK
|